000 00607nam a2200217Ia 4500
005 20241129105837.0
008 241129s9999||||xx |||||||||||||| ||und||
020 _a978-93-5073-002-7
037 _aTB
040 _aARTS
_beng
_cARTS
041 _aeng
_2urd
084 _aO168:g Q2
_qARTS
100 _aAsar Mohammad Ali Au.
_9587068
245 0 _aBasarat se baseerat tak
_cAsar Mohammad Ali Au.
260 _aDelhi, India
_bEducational Publishing House
_c2012
300 _a400p.
365 _aINR
_b400
650 _aUrdu Literature
942 _cTB
_hO168:g Q2
999 _c1226244
_d1226244